Selected topics in equity portfolio management (Бичлэгийн дугаар. 145947)
| 000 -УДИРДЛАГА | |
|---|---|
| Удирдлага | 01016nam a22002177a 4500 |
| 003 - ХЯНАЛТЫН ТОО ТОДОРХОЙЛОГЧ | |
| Код | MN-UlNUM |
| 005 - БИЧИЛТ ХИЙСЭН ОГНОО | |
| Тухайн бичилтийг бичсэн засварласан сүүлийн огноо | 20251216122708.0 |
| 008 - ЕРӨНХИЙ МЭДЭЭЛЭЛ | |
| Ерөнхий мэдээлэл | 251216s1998 pau 00| | eng d |
| 020 ## - ISBN | |
| ISBN | 1883249376 |
| 040 ## - БИЧЛЭГ ҮҮСГЭГЧ БАЙГУУЛЛАГА | |
| Бичлэг үүсгэгч номын сангийн код | МУИС-ийн номын сан |
| 084 ## - ББК АНГИЛАЛ | |
| Нэмэлт тусгалт | Нэг сэдэвт бүтээл |
| ББК ангилал | 65.290-2 |
| Зохиогчийн гурван тэмдэгт | S 45 |
| Мэдлэгийн ялгаа | 65 - Эдийн засаг |
| 245 ## - ҮНДСЭН ГАРЧИГ | |
| Номын нэр | Selected topics in equity portfolio management |
| Оролцогчдын тухай мэдээ | Editor Frank J. Fabozzi |
| 260 ## - ГАРАЛТЫН МЭДЭЭ | |
| Хэвлэгдсэн газар | Pennsylvania |
| Хэвлэлийн газар | Wiley |
| Хэвлэгдсэн он | 1998 |
| 300 ## - МАТЕРИАЛЫН ТОДОРХОЙЛОЛТ | |
| хуудасны тоо | 259 p. |
| 500 ## - Тайлбар | |
| Дансны дугаар | БС 4383 |
| 505 ## - Агуулгын тэмдэглэгээ | |
| Агуулгын тэмдэглэгээ | There are many styles, models, and factors that go into the management of an equity portfolio. The traditional manager's focus on stock picking and the resulting ad hoc nature of portfolio construction can lead to poorly defined portfolios. Thus the options between active, passive and engineered management come into play, with the ultimate objective being to establish an investment structure that will provide a return over time that compensates for the risk incurred. |
| 546 ## - ХЭЛНИЙ ТУХАЙ МЭДЭЭ | |
| Хэл | Англи хэл дээр, |
| 653 ## - Түлхүүр үг | |
| Түлхүүр үг | management |
| 942 ## - ЭЛЕМЕНТИЙН ТӨРӨЛ | |
| Зүйлийн төрөл | Ном |
